000
00294nam a22001337a 4500
008
181107b xxu||||| |||| 00| 0 eng d
020
_a
0813815606
041
_a
eng
080
_2
7th
_a
311
100
_a
55
101
_a
STA
245
_a
Statistical Methods
_c
Snedecor,G.W
942
_2
udc
_c
BK
999
_c
52123
_d
52123